1975 1747 1525 1541 1403 1426 1156 1977 1956 1207 1279 1386 1230 1082 1514 1191 1524 1783 1315 1633 1875 1189 1268 1163 1274 1600 1675 1747 1470 1333 1101 1473 1464 1675 1580 1498 1367 1486 1854 1860 1021 1682 1445 1602 1258 1901 1461 1986 1629 1704 1969 1664 1890 1972 1800 1871 1291 1518 1982 1653 1055 1599 1926 1441 1244 1765 1346 1549 1578 1979 1351 1199 1403 1379 1836 1624 1584 1407 1808 1065 1993 1266 1257 1574 1335 1213 1402 1328 1129 1189 1738 1857 1036 1832 1111 1898 1726 1442 1978 BCNSPRNW ULIB Ver.6.0+V

เปลี่ยนเป็นภาษาไทย

Change to English
 แสดงรายละเอียดบรรณานุกรม
  กลับหน้าหลัก

Brief Record : Get Marc (ISO 2709) : E-mail record : QR code < ปิดหน้าต่าง
LEADER : 00000nam 2200000uu 4500
001    13399126520
003     ULIB
008    181004s2561||||th 000 0 tha d
020    ^a9789740317555
050  4 ^aH62 ^bส74ธ
100    ^aสุภางค์ จันทวานิช
245    ^aวิธีการวิจัยเชิงคุณภาพ /^cสุภางค์ จันทวานิช
250    ^aพิมพ์ครั้งที่ 24
260    ^aกรุงเทพฯ : ^bสำนักพิมพ์แห่งจุฬาลงกรณ์มหาวิทยาลัย, ^c2561
300    ^a233 หน้า
590    ^aPurchase-T-58
650    ^aวิจัยเชิงคุณภาพ
650    ^aวิจัย^zไทย
945    ^p125^l0^i26712
999    ^aกัณชพร จุลอักษร
รายการนี้ยังไม่มีแท็ก
คุณยังไม่ได้ล็อกอิน คุณสามารถมีกิจกรรมร่วมกับเว็บไซต์ได้ แต่ต้องล็อกอินก่อน ::
  ล็อกอิน

รายการสื่อสารสนเทศ

ลำดับที่ ประเภท เลขเรียก/บาร์โค้ด สถานที่ สถานะ
1. วิทยาศาสตร์การแพทย์ และสุขภาพ
วิทยาศาสตร์การแพทย์ และสุขภาพ
H62 ส74ธ ฉ.1 
  Barcode: 26712
ห้องสมุดวิทยาเขตสวรรค์ประชารักษ์
►หนังสือทั่วไป
บนชั้น

รายการใกล้เคียง
    ผู้แต่ง [สุภางค์ จันทวานิช]

    หัวเรื่อง [วิจัยเชิงคุณภาพ]

BibComment


ยังไม่เคยถูกคอมเมนท์

คอมเมนท์ทรัพยากรรายการนี้
  คอมเมนท์: วิธีการวิจัยเชิง..


 Copyright 2026. Bcnsprnw @Library